20 Largest Salt Exports from one Country to another - Statistics

General Stats
  • This quiz has been taken 70 times
  • The average score is 33 of 40
Answer Stats
Country % Correct
China
98%
China
98%
China
98%
China
98%
Canada
97%
Canada
97%
Spain
97%
Spain
97%
United States
97%
United States
97%
United States
97%
United States
97%
India
94%
India
94%
France
92%
Germany
92%
Germany
92%
Germany
92%
Germany
92%
Germany
92%
Germany
92%
Italy
92%
Japan
92%
Poland
88%
Netherlands
80%
Netherlands
80%
Netherlands
80%
South Korea
80%
South Korea
80%
Belgium
78%
Belgium
78%
Belgium
78%
Sweden
77%
Norway
71%
Chile
65%
Czech Republic
52%
Romania
46%
Hungary
40%
Kenya
15%
Uganda
12%
No matching quizzes found
Score Distribution
Percent of People with Each Score
Percentile by Number Answered
Your Score History
You have not taken this quiz